[Event "Hasselbacken op"]
[Site "Stockholm"]
[Date "2019.11.01"]
[Round "1"]
[White "Seo, Jung Min"]
[Black "Qwarfort, Fredrik"]
[Result "1-0"]
[WhiteElo "2439"]
[BlackElo "1896"]
[PlyCount "71"]
[EventDate "2019.11.01"]
[EventType "swiss"]
[EventRounds "8"]
[EventCountry "SWE"]
[SourceTitle "CBM 192 Extra"]
[Source "Chessbase"]
[SourceDate "2019.11.06"]
[SourceVersion "1"]
[SourceVersionDate "2019.11.06"]
[SourceQuality "1"]

1. e4 d6 2. d4 Nf6 3. Nc3 g6 4. f3 Bg7 5. Be3 c6 6. Qd2 b5 7. Nge2 Bb7 8. g4 a5 9. h4 Nbd7 10. h5 b4 11. Nd1 Nb6 12. Ng3 Qc7 13. Nf2 0-0-0 14. a3 c5 15. axb4 axb4 16. h6 Bf8 17. c3 bxc3 18. Qxc3 e6 19. Ba6 e5 20. dxe5 dxe5 21. 0-0 Be7 22. Ra5 Bxa6 23. Rxa6 Kb7 24. Rfa1 Ra8 25. Qa5 Nfd7 26. Ne2 Rhb8 27. Nc3 Kc8 28. Nb5 Rxa6 29. Qxa6+ Qb7 30. Na7+ Kd8 31. Qb5 Ke8 32. Nc6 Ra8 33. Rxa8+ Qxa8 34. Nxe7 Kxe7 35. Bxc5+ Nxc5 36. Qxc5+ 1-0

[Event "Vaxjo op"]
[Site "Vaxjo"]
[Date "2016.02.21"]
[Round "7"]
[White "Qwarfort, Fredrik"]
[Black "Samuelsson, Sven Gunnar"]
[Result "1/2-1/2"]
[WhiteElo "1897"]
[BlackElo "2057"]
[PlyCount "71"]
[EventDate "2016.02.19"]
[EventType "swiss"]
[EventRounds "8"]
[EventCountry "SWE"]
[SourceTitle "CBM 170 Extra"]
[Source "ChessBase"]
[SourceDate "2016.02.25"]
[SourceVersion "1"]
[SourceVersionDate "2016.02.25"]
[SourceQuality "1"]

1. d4 d5 2. c4 c6 3. Nf3 Nf6 4. g3 Bf5 5. Bg2 h6 6. b3 e6 7. 0-0 Nbd7 8. Re1 Ne4 9. Bb2 Bb4 10. Rf1 0-0 11. c5 Qe7 12. a3 Ba5 13. b4 Bc7 14. Nc3 g5 15. Nd2 Ndf6 16. f3 Nxc3 17. Bxc3 e5 18. e4 Bg6 19. dxe5 Bxe5 20. Bxe5 Qxe5 21. exd5 Qd4+ 22. Kh1 Nxd5 23. Ne4 Qxd1 24. Rfxd1 Rfe8 25. Rxd5 cxd5 26. Nf6+ Kf8 27. Nxe8 Rxe8 28. Bf1 Re3 29. Kg2 Rc3 30. Rd1 Rxa3 31. Rxd5 Rb3 32. Rd4 a6 33. Kf2 Bf5 34. c6 bxc6 35. Bxa6 Be6 36. Bd3 1/2-1/2

[Event "Malmo op"]
[Site "Malmo"]
[Date "2014.12.13"]
[Round "3"]
[White "Qwarfort, Fredrik"]
[Black "Ahlander, Bjorn"]
[Result "0-1"]
[WhiteElo "1926"]
[BlackElo "2411"]
[PlyCount "94"]
[EventDate "2014.12.12"]
[EventType "swiss"]
[EventRounds "7"]
[EventCountry "SWE"]
[SourceTitle "EXT 2016"]
[Source "ChessBase"]
[SourceDate "2015.10.08"]
[SourceVersion "1"]
[SourceVersionDate "2015.10.08"]
[SourceQuality "1"]

1. d4 f5 2. Nf3 Nf6 3. g3 g6 4. Bg2 Bg7 5. c4 0-0 6. 0-0 d6 7. d5 Na6 8. Nc3 Nc5 9. Rb1 Bd7 10. b4 Nfe4 11. Nxe4 Nxe4 12. Bb2 a5 13. Bxg7 Kxg7 14. Qd4+ Kg8 15. a3 axb4 16. axb4 Ra2 17. Rb2 Qa8 18. Nd2 Nxd2 19. Qxd2 Ra1 20. Rbb1 Ra2 21. Rb2 Ra3 22. e3 Qa4 23. Rfb1 Ra8 24. e4 Ra1 25. Bh3 fxe4 26. Bxd7 Qxd7 27. Qe1 Rxb1 28. Rxb1 Qf5 29. Ra1 Rxa1 30. Qxa1 b6 31. Qa8+ Kf7 32. Qd8 e3 33. fxe3 Qb1+ 34. Kf2 Qc2+ 35. Kg1 Qxc4 36. Qh8 Qc1+ 37. Kf2 Qd2+ 38. Kg1 Qxe3+ 39. Kg2 Qe4+ 40. Kg1 g5 41. Kf2 Qf5+ 42. Kg1 Qg6 43. Qc8 Qb1+ 44. Kf2 Qc2+ 45. Kf1 Qd3+ 46. Kf2 Qxd5 47. Qxc7 Qd4+ 0-1

[Event "Norrkoeping Easter op"]
[Site "Norrkoeping"]
[Date "2014.04.18"]
[Round "1"]
[White "Qwarfort, Fredrik"]
[Black "Westerberg, Jonathan"]
[Result "0-1"]
[WhiteElo "1895"]
[BlackElo "2401"]
[PlyCount "70"]
[EventDate "2014.04.18"]
[EventType "swiss"]
[EventRounds "8"]
[EventCountry "SWE"]
[SourceTitle "CBM 159 Extra"]
[Source "ChessBase"]
[SourceDate "2014.04.24"]
[SourceVersion "1"]
[SourceVersionDate "2014.04.24"]
[SourceQuality "1"]

1. d4 Nf6 2. c4 e5 3. Nc3 exd4 4. Qxd4 Nc6 5. Qd1 Bb4 6. Bd2 0-0 7. a3 Bxc3 8. Bxc3 Ne4 9. Qc2 Re8 10. e3 d6 11. Bd3 Nxc3 12. Qxc3 Qh4 13. Be2 Bg4 14. Bxg4 Qxg4 15. Nf3 Ne5 16. 0-0-0 Qxc4 17. Nxe5 Qxc3+ 18. bxc3 Rxe5 19. Kc2 Rae8 20. Rd3 Ra5 21. Kb3 Ree5 22. Rd4 Kf8 23. Rhd1 Ke7 24. Rb4 b6 25. Rbd4 Rac5 26. c4 Rh5 27. h3 Rhg5 28. g3 Rcf5 29. Rd5 Rxd5 30. cxd5 Kd7 31. Kc4 Re5 32. Rd4 a6 33. e4 c5 34. dxc6+ Kxc6 35. f4 Rxe4 0-1

[Event "Norrkoeping Easter op"]
[Site "Norrkoeping"]
[Date "2011.04.22"]
[Round "1"]
[White "Hillarp Persson, Tiger"]
[Black "Qwarfort, Fredrik"]
[Result "1-0"]
[WhiteElo "2524"]
[BlackElo "1924"]
[PlyCount "85"]
[EventDate "2011.04.22"]
[EventType "swiss"]
[EventRounds "8"]
[EventCountry "SWE"]
[SourceTitle "CBM 141 Extra"]
[Source "ChessBase"]
[SourceDate "2011.05.03"]
[SourceVersion "1"]
[SourceVersionDate "2011.05.03"]
[SourceQuality "1"]

1. e4 d6 2. d4 Nf6 3. Nc3 g6 4. Be3 Bg7 5. Qd2 c6 6. f3 Qa5 7. g4 b5 8. a3 a6 9. Nge2 Nbd7 10. g5 Nh5 11. Ng3 Nxg3 12. hxg3 Bb7 13. Rd1 0-0-0 14. Kf2 f6 15. Bh3 Kb8 16. Ne2 Qxd2 17. Bxd2 Nb6 18. Nf4 Bc8 19. Bxc8 Kxc8 20. Ba5 Kb7 21. Ne6 Rdg8 22. Bxb6 Kxb6 23. f4 fxg5 24. fxg5 c5 25. c3 h6 26. gxh6 Bxh6 27. dxc5+ dxc5 28. g4 Kc6 29. g5 Bg7 30. Rxh8 Bxh8 31. Rd5 c4 32. Kf3 Rb8 33. Kf4 a5 34. Ke3 b4 35. axb4 axb4 36. Nd4+ Kc7 37. Rc5+ Kd6 38. Rc6+ Kd7 39. Rxc4 bxc3 40. bxc3 Bxd4+ 41. cxd4 Rb3+ 42. Kf4 Rb1 43. Ra4 1-0

[Event "SWE-chT 0607"]
[Site "Sweden"]
[Date "2007.03.16"]
[Round "9"]
[White "Hedman, Erik"]
[Black "Qwarfort, Fredrik"]
[Result "1-0"]
[WhiteElo "2410"]
[BlackElo "1868"]
[PlyCount "49"]
[EventDate "2006.10.20"]
[EventType "team"]
[EventRounds "11"]
[EventCountry "SWE"]
[SourceTitle "EXT 2009"]
[Source "ChessBase"]
[SourceDate "2008.11.26"]
[SourceVersion "1"]
[SourceVersionDate "2008.11.26"]
[SourceQuality "1"]
[WhiteTeam "Stockholm Rockaden"]
[BlackTeam "Linkoping"]
[WhiteTeamCountry "SWE"]
[BlackTeamCountry "SWE"]

1. e4 d6 2. d4 Nf6 3. Nc3 g6 4. Bg5 Bg7 5. Qd2 c6 6. a4 Nbd7 7. Nf3 Qa5 8. Rd1 0-0 9. Be2 Qc7 10. 0-0 a6 11. Rfe1 b5 12. axb5 axb5 13. b4 Nb6 14. Bh6 Bd7 15. h3 Ra3 16. Bxg7 Kxg7 17. Bd3 Rfa8 18. Nb1 Ra2 19. Ng5 h6 20. Nxf7 Kxf7 21. Qxh6 e5 22. f4 Re8 23. Rf1 exd4 24. e5 Bf5 25. Bxf5 1-0

[Event "Hallstahammar op"]
[Site "Hallstahammar"]
[Date "2004.09.11"]
[Round "6"]
[White "Eriksson, Joel"]
[Black "Qwarfort, Fredrik"]
[Result "1/2-1/2"]
[WhiteElo "1984"]
[BlackElo "1672"]
[PlyCount "88"]
[EventDate "2004.09.10"]
[EventType "swiss"]
[EventRounds "8"]
[EventCountry "SWE"]
[SourceTitle "EXT 2005"]
[Source "ChessBase"]
[SourceDate "2004.11.15"]
[SourceVersion "1"]
[SourceVersionDate "2004.11.15"]
[SourceQuality "1"]

1. d4 Nf6 2. Nf3 g6 3. c4 Bg7 4. Nc3 d5 5. Bg5 Ne4 6. cxd5 Nxg5 7. Nxg5 e6 8. Nf3 exd5 9. e3 0-0 10. b4 b6 11. Qb3 Be6 12. Na4 a5 13. b5 c5 14. bxc6 Nxc6 15. Be2 Qd6 16. 0-0 Rfb8 17. Bb5 Na7 18. Nc3 Bf8 19. a3 a4 20. Qb2 Nxb5 21. Nxb5 Qd8 22. Ne5 Rc8 23. Rfc1 f6 24. Rxc8 Rxc8 25. Nf3 Bf5 26. Nc3 Rc6 27. Nxa4 Qc7 28. Ne1 Be7 29. Qd2 Qa7 30. Nb2 b5 31. Nbd3 Ra6 32. Nb4 Rxa3 33. Rxa3 Qxa3 34. Nxd5 Bd8 35. f3 Qa1 36. Kf2 Ba5 37. Qe2 Be6 38. Nxf6+ Kg7 39. d5 Bf7 40. Nc2 Qxf6 41. Qxb5 Qb6 42. Qd3 Qb2 43. e4 Bb6+ 44. Kg3 Be8 1/2-1/2